Growing Cities in Sweden - Statistics

General Stats
  • This quiz has been taken 36 times
  • The average score is 7 of 10
Answer Stats
Population Population Gained City % Correct
583,056 69,305 Gothenburg
100%
347,949 48,986 Malmo
100%
975,551 128,478 Stockholm
100%
233,839 36,052 Uppsala
84%
149,280 20,103 Helsingborg
75%
156,381 20,921 Orebro
75%
164,616 18,200 Linkoping
72%
155,551 18,344 Vasteras
66%
106,505 16,397 Nacka
9%
93,690 16,636 Haninge
6%
No matching quizzes found
Score Distribution
Percent of People with Each Score
Percentile by Number Answered
Your Score History
You have not taken this quiz